| Tag |
First Indicator |
Second Indicator |
Subfields |
| LEADER |
00000cam a2200000 i 4500 |
| 001 |
in00004002321 |
| 005 |
20181023092653.0 |
| 008 |
161230t20172017onc 000 f eng |
| 020 |
|
|
|a 9781459739031
|q (softcover)
|
| 020 |
|
|
|a 1459739035
|
| 035 |
|
|
|a (OCoLC)ocn968345245
|
| 040 |
|
|
|a NLC
|b eng
|e rda
|c NLC
|d CDX
|d C#P
|d UtOrBLW
|
| 043 |
|
|
|a n-cn-ab
|
| 049 |
|
|
|a TXAM
|
| 050 |
|
4 |
|a PR9199.4.B8855
|b F85 2017
|
| 055 |
|
0 |
|a PS8603 U838
|b F85 2017
|
| 082 |
0 |
|
|a C813/.6
|2 23
|
| 100 |
1 |
|
|a Butler, Dave,
|d 1958-
|e author.
|0 http://id.loc.gov/authorities/names/no2017146502
|
| 245 |
1 |
0 |
|a Full curl /
|c Dave Butler.
|
| 264 |
|
1 |
|a Toronto :
|b Dundurn,
|c [2017]
|
| 264 |
|
4 |
|c ©2017
|
| 300 |
|
|
|a 372 pages ;
|c 21 cm.
|
| 336 |
|
|
|a text
|b txt
|2 rdacontent
|
| 337 |
|
|
|a unmediated
|b n
|2 rdamedia
|
| 338 |
|
|
|a volume
|b nc
|2 rdacarrier
|
| 490 |
1 |
|
|a A Jenny Willson mystery
|
| 520 |
|
|
|a Jenny Willson is a hard-edged, caustic-witted warden from Banff National Park who considers poachers and ladder-climbing bureaucrats equally repulsive and worthy of the same painful fate. Does keeping her promise to protect her park from them mean crossing lines and putting her career at risk? When Willson discovers animals disappearing from Canada's mountain parks, she begins a complex investigation that follows a trail of deceit, distraction and murder. With a growing list of victims, animal and human, Willson finds herself in a race for justice that crisscrosses the Canada-U.S. border and pushes Willson to a place she might not be able to come back from.
|
| 650 |
|
0 |
|a Game wardens
|v Fiction.
|0 http://id.loc.gov/authorities/subjects/sh2008117759
|
| 650 |
|
0 |
|a Missing persons
|x Investigation
|v Fiction.
|0 http://id.loc.gov/authorities/subjects/sh2010102093
|
| 650 |
|
0 |
|a Hunters
|x Crimes against
|v Fiction.
|
| 651 |
|
0 |
|a Banff National Park (Alta.)
|v Fiction.
|
| 650 |
|
7 |
|a FICTION
|x Action & Adventure.
|2 bisacsh
|
| 650 |
|
7 |
|a FICTION
|x Mystery & Detective
|x Amateur Sleuth.
|2 bisacsh
|
| 650 |
|
7 |
|a FICTION
|x Mystery & Detective
|x Women Sleuths.
|2 bisacsh
|
| 800 |
1 |
|
|a Butler, Dave,
|d 1958-
|t Jenny Willson mystery.
|0 http://id.loc.gov/authorities/names/no2017150616
|
| 945 |
|
|
|b 609187
|
| 947 |
|
|
|a A14850494304
|
| 948 |
|
|
|a cataloged
|b h
|c 2018/6/26
|d c
|e dmitchel
|f 9:20:10 am
|
| 994 |
|
|
|a 92
|b TXA
|
| 999 |
f |
f |
|s 31133401-18c4-387f-891b-fef13f77a793
|i 13905bc6-bcfe-39a5-8e10-750d415bfb6e
|t 0
|
| 952 |
f |
f |
|p normal
|a Texas A&M University
|b College Station
|c Sterling C. Evans Library
|d Evans: Library Stacks
|t 0
|e PR9199.4.B8855 F85 2017
|h Library of Congress classification
|i unmediated -- volume
|m A14850494304
|
| 998 |
f |
f |
|a PR9199.4.B8855 F85 2017
|t 0
|l Evans: Library Stacks
|